000 00559nam a2200181Ia 4500
008 090123s9999 xx 000 0 und d
082 _b36151
_a891.463/नऱ्हे
100 _aनऱ्हे शंकर
245 _aछुपा रुस्तम
250 _a1
260 _bचिरंजीव प्रकाशन
_c2003
300 _a136
600 _aनऱ्हे शंकर
630 _aछुपा रुस्तम
700 _aनऱ्हे शंकर
730 _aछुपा रुस्तम
942 _cBOOK
999 _c74218
_d74218